[Event "37 Open Vila de Sitges 2011"]
[Site "Sitges (ESP)"]
[Date "2011.07.27"]
[Round "6.10"]
[White "Pulvett, Daniel"]
[Black "Getz, Nicolai"]
[Result "0-1"]
[WhiteElo "2303"]
[BlackElo "2385"]
[PlyCount "138"]
[EventDate "2011.07.22"]
[EventType "swiss"]
[EventRounds "9"]
[EventCountry "ESP"]

1. e4 e6 2. d4 d5 3. Nc3 Nf6 4. Bg5 dxe4 5. Nxe4 Be7 6. Bxf6 gxf6 7. Nf3 a6 8.
Qe2 f5 9. Nc3 b5 10. O-O-O b4 11. Na4 Qd5 12. c4 Qa5 13. b3 Bd7 14. Nc5 Bxc5
15. dxc5 Qxc5 16. Qb2 Rg8 17. Qf6 Qe7 18. Qe5 Bc6 19. Bd3 Bxf3 20. gxf3 Nc6 21.
Qe3 O-O-O 22. f4 Rd4 23. Bb1 Rgd8 24. Rxd4 Rxd4 25. Rg1 Qd6 26. Rg8+ Kb7 27.
Bc2 Qxf4 28. Rg7 Qxe3+ 29. fxe3 Rh4 30. Rxf7 Rxh2 31. Rf6 Nd8 32. e4 fxe4 33.
Bxe4+ Kc8 34. c5 Kd7 35. Rf8 Rh5 36. Kb2 Rxc5 37. Bxh7 Rh5 38. Bd3 a5 39. a4
Nb7 40. Bb5+ Kd6 41. Ra8 c6 42. Ra6 Rc5 43. Bc4 Ke5 44. Be2 Nd6 45. Ra8 Rd5 46.
Kc2 Nf5 47. Kc1 Ne3 48. Bf3 Rc5+ 49. Kd2 Nf1+ 50. Ke1 Ne3 51. Kd2 Kf4 52. Be2
Rd5+ 53. Kc1 Ke4 54. Re8 e5 55. Rh8 Rc5+ 56. Kd2 Rc2+ 57. Ke1 Kd4 58. Rd8+ Nd5
59. Bc4 e4 60. Rd6 Ke3 61. Kd1 Rxc4 62. bxc4 Nc3+ 63. Kc2 Nxa4 64. Rxc6 Kd4 65.
Ra6 b3+ 66. Kc1 e3 67. Rxa5 b2+ 68. Kc2 e2 69. Rd5+ Ke4 0-1

[Event "37 Open Vila de Sitges 2011"]
[Site "Sitges (ESP)"]
[Date "2011.07.28"]
[Round "7.1"]
[White "Bacallao Alonso, Yusnel"]
[Black "Cabrera, Alexis"]
[Result "1-0"]
[WhiteElo "2532"]
[BlackElo "2530"]
[PlyCount "149"]
[EventDate "2011.07.22"]
[EventType "swiss"]
[EventRounds "9"]
[EventCountry "ESP"]

1. d4 Nf6 2. g3 g6 3. Bg2 d5 4. c4 c6 5. Nf3 Bg7 6. O-O O-O 7. Qb3 Qb6 8. Nc3
Bf5 9. Qxb6 axb6 10. cxd5 Nxd5 11. Bd2 Nxc3 12. Bxc3 Be4 13. Rfd1 Rd8 14. Ne5
Bxg2 15. Kxg2 b5 16. e4 Nd7 17. g4 Nxe5 18. dxe5 g5 19. a3 Kf8 20. h4 h6 21. f4
gxf4 22. Kf3 Ke8 23. Kxf4 c5 24. Rac1 Bf8 25. e6 fxe6 26. Be5 c4 27. g5 Kf7 28.
Rg1 hxg5+ 29. Kxg5 Bg7 30. Rcf1+ Bf6+ 31. Bxf6 Rg8+ 32. Bg7+ Kxg7 33. Kh5+ Kh8
34. Rg5 b4 35. axb4 Ra2 36. Rf7 Rxb2 37. Rc5 Rbg2 38. Rxe7 R2g7 39. Rxe6 b5 40.
Rh6+ Rh7 41. Rxb5 Rxh6+ 42. Kxh6 Rc8 43. Rg5 c3 44. Rg1 Rc4 45. Ra1 Kg8 46. Kg6
Kf8 47. Kf5 Rxb4 48. Ra8+ Ke7 49. Rc8 Rb5+ 50. e5 Rb4 51. h5 Rh4 52. Kg5 Rh3
53. Kg4 Rh1 54. Rxc3 Ke6 55. Rg3 Kf7 56. Kg5 Re1 57. Rf3+ Ke6 58. h6 Rg1+ 59.
Kh4 Rg8 60. Kh5 Rg1 61. Rh3 Kf7 62. Rh4 Re1 63. Rf4+ Kg8 64. Rf5 Kh7 65. Kg5
Rg1+ 66. Kf6 Rg8 67. Kf7 Ra8 68. e6 Ra7+ 69. e7 Kxh6 70. Kf8 Kg6 71. e8=Q+ Kxf5
72. Qb5+ Ke4 73. Qc4+ Kf3 74. Qd3+ Kg2 75. Qe2+ 1-0

[Event "37 Open Vila de Sitges 2011"]
[Site "Sitges (ESP)"]
[Date "2011.07.28"]
[Round "7.2"]
[White "Munoz Pantoja, Miguel"]
[Black "Djuric, Stefan"]
[Result "1-0"]
[WhiteElo "2482"]
[BlackElo "2445"]
[PlyCount "129"]
[EventDate "2011.07.22"]
[EventType "swiss"]
[EventRounds "9"]
[EventCountry "ESP"]

1. e4 c5 2. Nf3 Nc6 3. d4 cxd4 4. Nxd4 e6 5. Nb5 d6 6. c4 Nf6 7. N1c3 a6 8. Nd4
Be7 9. Be2 O-O 10. O-O Bd7 11. Nc2 Qc7 12. b3 Rfd8 13. Bb2 Rac8 14. Ne3 Ne5 15.
Kh1 Ng6 16. Rc1 Qb8 17. a4 Bc6 18. Bd3 Nf4 19. Bb1 b5 20. axb5 axb5 21. cxb5
Bxb5 22. Nxb5 Qxb5 23. Rxc8 Rxc8 24. g3 Ng6 25. f3 h5 26. Bd3 Qb7 27. Nc4 Qb8
28. f4 e5 29. Ba1 Rc5 30. Bc2 Qa8 31. Qf3 Qa2 32. Rc1 Ng4 33. h3 Nf6 34. Bc3
Qa8 35. Rf1 Qc8 36. f5 Nf8 37. Bd3 Qb7 38. Bc2 N8h7 39. Bd2 Rc7 40. Be3 Rc8 41.
Rg1 Ra8 42. g4 Ra2 43. Bb1 hxg4 44. hxg4 Ra1 45. g5 Nh5 46. Nd2 g6 47. Qg4 Nf8
48. Bd3 Rxg1+ 49. Kxg1 Qc8 50. Bc4 Qd7 51. Qf3 Nf4 52. Bxf4 exf4 53. Qxf4 Bd8
54. Bd5 Qe7 55. Nf3 Bb6+ 56. Kg2 Qc7 57. Kh3 Qc8 58. b4 Qd7 59. Kg3 Qa7 60. e5
Be3 61. Qe4 dxe5 62. fxg6 Bf4+ 63. Kg2 Qa3 64. Qf5 Qa7 65. gxf7+ 1-0

[Event "37 Open Vila de Sitges 2011"]
[Site "Sitges (ESP)"]
[Date "2011.07.28"]
[Round "7.3"]
[White "Karlsson, Lars"]
[Black "Barsov, Alexei"]
[Result "1/2-1/2"]
[WhiteElo "2482"]
[BlackElo "2534"]
[PlyCount "69"]
[EventDate "2011.07.22"]
[EventType "swiss"]
[EventRounds "9"]
[EventCountry "ESP"]

1. Nf3 d5 2. b3 Bg4 3. Bb2 Bxf3 4. exf3 Nf6 5. f4 g6 6. g3 Bg7 7. Bg2 O-O 8.
O-O Nbd7 9. d4 Ne4 10. Nd2 Nxd2 11. Qxd2 e6 12. c4 c6 13. c5 b6 14. b4 a5 15.
a3 axb4 16. axb4 b5 17. Bc3 Qc7 18. Ra2 Qb7 19. Rfa1 Nf6 20. f3 Rfd8 21. g4 Ne8
22. f5 Nc7 23. fxg6 hxg6 24. f4 Rxa2 25. Rxa2 Ra8 26. Bf3 Rxa2 27. Qxa2 Qa6 28.
Qb2 Ne8 29. g5 Bf8 30. h4 Ng7 31. Kf2 Qa4 32. Ke1 Be7 33. Bd1 Qa8 34. Bg4 Qa4
35. Bd1 1/2-1/2

[Event "37 Open Vila de Sitges 2011"]
[Site "Sitges (ESP)"]
[Date "2011.07.28"]
[Round "7.4"]
[White "Getz, Nicolai"]
[Black "Moskalenko, Viktor"]
[Result "1/2-1/2"]
[WhiteElo "2385"]
[BlackElo "2591"]
[PlyCount "138"]
[EventDate "2011.07.22"]
[EventType "swiss"]
[EventRounds "9"]
[EventCountry "ESP"]

1. d4 Nf6 2. Nf3 d6 3. c4 Bg4 4. g3 Bxf3 5. exf3 g6 6. Bg2 Bg7 7. f4 c6 8. d5
cxd5 9. cxd5 O-O 10. O-O Nbd7 11. Nc3 Nc5 12. Be3 Nfd7 13. Rc1 a5 14. Re1 a4
15. h4 Qa5 16. Bd4 Bf6 17. Bxf6 exf6 18. Qd4 b5 19. Re7 Qd8 20. Re3 Rb8 21.
Rce1 b4 22. Nb1 f5 23. Nd2 Qf6 24. Qxf6 Nxf6 25. Nc4 Nce4 26. Bxe4 Nxe4 27. Kg2
Rfc8 28. b3 a3 29. f3 Nc3 30. Nxd6 Rd8 31. Nc4 Nxd5 32. R3e2 Nc3 33. Rc2 Rd3
34. Ne5 Rd6 35. Nc4 Rd1 36. Rxd1 Nxd1 37. Rd2 Nc3 38. Ne5 Rb6 39. Kf2 Re6 40.
Nd3 Rb6 41. Rc2 Nd5 42. Rc5 Rd6 43. Rb5 Nc3 44. Rb8+ Kg7 45. Nxb4 Nxa2 46. Nxa2
Rd2+ 47. Ke3 Rxa2 48. Ra8 Ra1 49. Kd2 Kf6 50. b4 Ke6 51. Kc2 a2 52. Kb2 Rg1 53.
Kxa2 Rxg3 54. b5 Kd7 55. Ra7+ Kd6 56. Rxf7 Kc5 57. Rxh7 Rxf3 58. Rh6 Rxf4 59.
Rxg6 Kxb5 60. Kb3 Kc5 61. Kc3 Kd5 62. h5 Rh4 63. h6 Ke4 64. Re6+ Kf3 65. Kd3 f4
66. Rf6 Rh1 67. Kd4 Kg4 68. Ke4 Re1+ 69. Kd5 Rh1 1/2-1/2

[Event "37 Open Vila de Sitges 2011"]
[Site "Sitges (ESP)"]
[Date "2011.07.28"]
[Round "7.5"]
[White "Perez Mitjans, Orelvis"]
[Black "Asis Gargatagli, Hipolit"]
[Result "0-1"]
[WhiteElo "2452"]
[BlackElo "2431"]
[PlyCount "84"]
[EventDate "2011.07.22"]
[EventType "swiss"]
[EventRounds "9"]
[EventCountry "ESP"]

1. e4 c5 2. Nf3 d6 3. d4 cxd4 4. Nxd4 Nf6 5. Nc3 a6 6. h3 e5 7. Nde2 h5 8. Bg5
Be6 9. g3 Nbd7 10. Bg2 Be7 11. O-O b5 12. a3 Rc8 13. Be3 O-O 14. b3 Nb6 15. f4
d5 16. fxe5 Nxe4 17. Bd4 Bc5 18. Nxe4 dxe4 19. b4 Bxd4+ 20. Nxd4 Qg5 21. Nxe6
fxe6 22. Qd6 Nc4 23. Qxe6+ Kh8 24. Kh2 Ne3 25. Rxf8+ Rxf8 26. Bxe4 h4 27. Qg6
Rf2+ 28. Kg1 Rg2+ 29. Kh1 Qxg6 30. Bxg6 Rxg3 31. Be4 Rxh3+ 32. Kg1 Rg3+ 33. Kh1
g5 34. e6 Kg7 35. a4 Kf6 36. a5 Kxe6 37. Ra3 Rh3+ 38. Kg1 Rg3+ 39. Kh1 Nd5 40.
Rxg3 hxg3 41. Kg2 Ke5 42. Bg6 Nf4+ 0-1

[Event "37 Open Vila de Sitges 2011"]
[Site "Sitges (ESP)"]
[Date "2011.07.28"]
[Round "7.6"]
[White "Gonzalez Garcia, Jose"]
[Black "Oratovsky, Michael"]
[Result "1/2-1/2"]
[WhiteElo "2522"]
[BlackElo "2521"]
[PlyCount "105"]
[EventDate "2011.07.22"]
[EventType "swiss"]
[EventRounds "9"]
[EventCountry "ESP"]

1. d4 Nf6 2. c4 d6 3. Nf3 g6 4. Nc3 Nbd7 5. g3 Bg7 6. Bg2 O-O 7. O-O e5 8. e4
c6 9. h3 exd4 10. Nxd4 Qb6 11. Nb3 Qb4 12. c5 Nxc5 13. Qxd6 Nfd7 14. Be3 Na6
15. Qd1 Ne5 16. a3 Qe7 17. f4 Nc4 18. Bc1 Nc5 19. Nxc5 Qxc5+ 20. Kh1 Bxc3 21.
bxc3 f5 22. Qb3 Rf7 23. Rd1 Be6 24. exf5 gxf5 25. Rd4 Re8 26. Qb4 Qxb4 27. axb4
Rd7 28. Rxd7 Bxd7 29. Kg1 a6 30. Kf2 Be6 31. Ra2 Bd5 32. Kf1 Bxg2+ 33. Kxg2 Kf7
34. Kf2 Rd8 35. Re2 Rc8 36. Ra2 Re8 37. g4 Kf6 38. Re2 Rxe2+ 39. Kxe2 Ke6 40.
Kd3 b5 41. Kd4 a5 42. bxa5 Nxa5 43. Ba3 Nb3+ 44. Kd3 c5 45. Kc2 c4 46. Bb4 Kf6
47. Kd1 Kg6 48. Ke2 Nc1+ 49. Ke3 Nb3 50. Bd6 h5 51. g5 Kf7 52. Ba3 Ke6 53. Bb4
1/2-1/2

[Event "37 Open Vila de Sitges 2011"]
[Site "Sitges (ESP)"]
[Date "2011.07.28"]
[Round "7.7"]
[White "Movsziszian, Karen"]
[Black "Cruz, Filemon"]
[Result "1/2-1/2"]
[WhiteElo "2493"]
[BlackElo "2406"]
[PlyCount "163"]
[EventDate "2011.07.22"]
[EventType "swiss"]
[EventRounds "9"]
[EventCountry "ESP"]

1. g3 d5 2. Bg2 c6 3. d3 Nf6 4. Nf3 Bf5 5. O-O e6 6. Nh4 Bg4 7. Qe1 Be7 8. e4
Nfd7 9. h3 Bh5 10. Nf3 O-O 11. Nc3 Re8 12. g4 Bg6 13. Bf4 a5 14. a3 Na6 15. Qe2
Nac5 16. Kh1 a4 17. Bg3 h5 18. e5 hxg4 19. hxg4 Nf8 20. Rae1 Bh7 21. Nh2 f6 22.
exf6 Bxf6 23. f4 Bh4 24. Bxh4 Qxh4 25. Rf3 Ncd7 26. d4 Qd8 27. Re3 Nb6 28. Rh3
Qf6 29. Qf2 Nc4 30. g5 Qf5 31. Re2 Nxb2 32. Qh4 Nc4 33. Ng4 b5 34. Bf1 b4 35.
axb4 a3 36. Rf2 Nd6 37. Ne5 Ne4 38. Nxe4 Qxe4+ 39. Kh2 a2 40. Bd3 Ra3 41. Bxe4
Rxh3+ 42. Qxh3 a1=Q 43. Bxh7+ Nxh7 44. c3 Qe1 45. Kg2 Nf8 46. Qh5 g6 47. Qf3
Ra8 48. Re2 Qa1 49. Nxc6 Ra3 50. Rc2 Qb1 51. Rf2 Qc1 52. Ne5 Rxc3 53. Qe2 Qb1
54. Ng4 Rc1 55. b5 Rg1+ 56. Kh3 Re1 57. Qc2 Rh1+ 58. Nh2 Qxb5 59. Kg2 Ra1 60.
Ng4 Ra7 61. Rf3 Qa4 62. Nf6+ Kf7 63. Qxa4 Rxa4 64. Rb3 Ra7 65. Kf3 Nd7 66. Ng4
Ke7 67. Ke3 Kd6 68. Nf2 Ra1 69. Nd3 Kc6 70. Rc3+ Kb5 71. Rc7 Nb6 72. Ne5 Nc4+
73. Nxc4 dxc4 74. Rg7 Re1+ 75. Kd2 Re4 76. Rxg6 Rxf4 77. Ke3 Rg4 78. Rg8 Kc6
79. g6 Kd7 80. g7 Ke7 81. Rc8 Rxg7 82. Rxc4 1/2-1/2

[Event "37 Open Vila de Sitges 2011"]
[Site "Sitges (ESP)"]
[Date "2011.07.28"]
[Round "7.8"]
[White "Lorenzo De La Riva, Lazaro"]
[Black "Delgado Ramos, Hector"]
[Result "0-1"]
[WhiteElo "2391"]
[BlackElo "2488"]
[PlyCount "64"]
[EventDate "2011.07.22"]
[EventType "swiss"]
[EventRounds "9"]
[EventCountry "ESP"]

1. e4 c5 2. Nf3 d6 3. d4 cxd4 4. Nxd4 Nf6 5. Nc3 g6 6. Be3 Bg7 7. f3 O-O 8. Qd2
Nc6 9. Bc4 Bd7 10. O-O-O Rb8 11. Bb3 Na5 12. Bh6 Bxh6 13. Qxh6 e5 14. Nde2 b5
15. Rxd6 b4 16. Nd1 Nxb3+ 17. axb3 Qe7 18. Qd2 Rb6 19. Rxb6 axb6 20. Qe3 Qd6
21. Qd3 Qc5 22. Ne3 Bb5 23. Nc4 Ra8 24. Rd1 Qf2 25. g4 Ra7 26. Qd8+ Kg7 27. Qb8
Bxc4 28. bxc4 Qe3+ 29. Kb1 Qxe2 30. Rc1 Re7 31. g5 Re6 32. Qd6 Rxd6 0-1

[Event "37 Open Vila de Sitges 2011"]
[Site "Sitges (ESP)"]
[Date "2011.07.28"]
[Round "7.9"]
[White "Cruz, Cristhian"]
[Black "Fernandez Aguado, Enrique"]
[Result "0-1"]
[WhiteElo "2470"]
[BlackElo "2355"]
[PlyCount "66"]
[EventDate "2011.07.22"]
[EventType "swiss"]
[EventRounds "9"]
[EventCountry "ESP"]

1. d4 Nf6 2. c4 e6 3. Nc3 Bb4 4. Qc2 c5 5. dxc5 O-O 6. Nf3 Na6 7. a3 Bxc3+ 8.
Qxc3 Nxc5 9. b4 Nce4 10. Qd4 a5 11. Bb2 axb4 12. axb4 Rxa1+ 13. Bxa1 d6 14. g4
e5 15. Qe3 Bxg4 16. Bg2 Be6 17. c5 Bf5 18. O-O Nd5 19. Qb3 Nf4 20. cxd6 Bh3 21.
Bxe5 Bxg2 22. Bxf4 Bxf1 23. Kxf1 Qf6 24. e3 Qf5 25. Qb2 g5 26. Qe5 Qxe5 27.
Bxe5 f6 28. Bd4 Nxd6 29. h4 g4 30. Nd2 Kf7 31. Kg2 Nf5 32. Bc5 Rd8 33. Nc4 h5
0-1

[Event "37 Open Vila de Sitges 2011"]
[Site "Sitges (ESP)"]
[Date "2011.07.28"]
[Round "7.10"]
[White "Beltran Rueda, Santiago"]
[Black "Jimenez Fraga, Pedro Alejandro"]
[Result "1-0"]
[WhiteElo "2376"]
[BlackElo "2464"]
[PlyCount "75"]
[EventDate "2011.07.22"]
[EventType "swiss"]
[EventRounds "9"]
[EventCountry "ESP"]

1. c4 Nf6 2. Nc3 g6 3. d4 Bg7 4. e4 d6 5. Nf3 O-O 6. Be2 Bg4 7. Be3 c6 8. O-O
Nbd7 9. Nd2 Bxe2 10. Qxe2 e5 11. d5 c5 12. a3 Nh5 13. g3 Qe7 14. Rfc1 a6 15. b4
b6 16. bxc5 bxc5 17. Nb3 Qe8 18. Bd2 f5 19. f3 Rf7 20. Rf1 Ndf6 21. Na5 Qf8 22.
Bg5 Bh6 23. Bxf6 Nxf6 24. Rab1 Qd8 25. Nc6 Qc7 26. Rb3 Raf8 27. Rfb1 f4 28. g4
Nxg4 29. fxg4 f3 30. Qf2 Qd7 31. h3 Bg5 32. Rb8 h5 33. Rxf8+ Kxf8 34. Na4 Rf4
35. Nxe5 dxe5 36. Nxc5 Rxg4+ 37. Kh1 Qf7 38. hxg4 1-0

[Event "37 Open Vila de Sitges 2011"]
[Site "Sitges (ESP)"]
[Date "2011.07.29"]
[Round "8.2"]
[White "Cabrera, Alexis"]
[Black "Asis Gargatagli, Hipolit"]
[Result "0-1"]
[WhiteElo "2530"]
[BlackElo "2431"]
[PlyCount "100"]
[EventDate "2011.07.22"]
[EventType "swiss"]
[EventRounds "9"]
[EventCountry "ESP"]

1. Nf3 Nf6 2. c4 g6 3. Nc3 d5 4. cxd5 Nxd5 5. Qc2 Nc6 6. e4 Ndb4 7. Qb1 Bg4 8.
a3 Bxf3 9. gxf3 Na6 10. Bb5 Bg7 11. d3 Nab8 12. Be3 a6 13. Bc4 e6 14. f4 Nd4
15. Qd1 Qh4 16. Bxd4 Bxd4 17. Qf3 Nc6 18. Rc1 g5 19. Bb3 O-O-O 20. Ba4 Ne7 21.
fxg5 Qxg5 22. Kd1 Rhf8 23. Kc2 Ng6 24. Rcd1 Qa5 25. Bb3 Rd6 26. Ne2 Ne5 27. Qf4
Rfd8 28. Kb1 Bxb2 29. Kxb2 Nxd3+ 30. Rxd3 Rxd3 31. Rc1 Rxb3+ 32. Kxb3 Qb5+ 33.
Ka2 Qxe2+ 34. Ka1 c6 35. Qxf7 Qxe4 36. Rg1 Qe5+ 37. Kb1 Kb8 38. Rg8 Qe4+ 39.
Kb2 Rxg8 40. Qxg8+ Ka7 41. a4 Qb4+ 42. Kc2 Qxa4+ 43. Kd3 Qb5+ 44. Kc3 Qe5+ 45.
Kc4 Qxh2 46. Qf8 Qh5 47. f4 Qd5+ 48. Kb4 h5 49. Qg7 c5+ 50. Ka4 Qa2# 0-1

[Event "37 Open Vila de Sitges 2011"]
[Site "Sitges (ESP)"]
[Date "2011.07.29"]
[Round "8.4"]
[White "Djuric, Stefan"]
[Black "Moskalenko, Viktor"]
[Result "1-0"]
[WhiteElo "2445"]
[BlackElo "2591"]
[PlyCount "123"]
[EventDate "2011.07.22"]
[EventType "swiss"]
[EventRounds "9"]
[EventCountry "ESP"]

1. c4 e5 2. g3 Nc6 3. Nc3 g6 4. Nf3 Bg7 5. Bg2 d6 6. O-O Nge7 7. e3 f5 8. d4
O-O 9. b3 e4 10. Ne1 d5 11. Ba3 dxc4 12. bxc4 Be6 13. Qa4 a6 14. Nc2 Bd7 15.
Bxe7 Nxe7 16. Qb3 Be6 17. a4 Nc8 18. Rfd1 Bf7 19. Rab1 Nd6 20. d5 c5 21. dxc6
bxc6 22. Bf1 Qc7 23. Na3 Rab8 24. Qc2 Nb7 25. Ne2 Nc5 26. Nd4 a5 27. Rxb8 Rxb8
28. Nb1 Ne6 29. Nxe6 Bxe6 30. c5 Be5 31. Nd2 Rb2 32. Qc1 Rb4 33. Bc4 Qf7 34.
Bxe6 Qxe6 35. Qc2 Kg7 36. h4 Kh6 37. Rb1 Rxb1+ 38. Nxb1 Qd5 39. Kf1 Bf6 40. Nd2
Qd3+ 41. Qxd3 exd3 42. Nb3 Bc3 43. Nd4 f4 44. gxf4 Bb4 45. Nxc6 Bxc5 46. Nxa5
Kh5 47. Nb3 Ba7 48. e4 Kg4 49. e5 Kf5 50. a5 Ke6 51. a6 Kd5 52. Ke1 Kc6 53. f3
Bb6 54. Kd2 Bd8 55. Nc5 Kb6 56. f5 gxf5 57. h5 Be7 58. Nxd3 Kxa6 59. Ke3 Bg5+
60. Kd4 Kb5 61. Kd5 f4 62. e6 1-0

[Event "37 Open Vila de Sitges 2011"]
[Site "Sitges (ESP)"]
[Date "2011.07.29"]
[Round "8.7"]
[White "Fernandez Aguado, Enrique"]
[Black "Getz, Nicolai"]
[Result "0-1"]
[WhiteElo "2355"]
[BlackElo "2385"]
[PlyCount "124"]
[EventDate "2011.07.22"]
[EventType "swiss"]
[EventRounds "9"]
[EventCountry "ESP"]

1. e4 e5 2. Nf3 Nc6 3. Bb5 a6 4. Ba4 Nf6 5. O-O Be7 6. Qe2 b5 7. Bb3 O-O 8. c3
d5 9. d3 Bb7 10. Rd1 Re8 11. Nbd2 Bf8 12. a3 a5 13. exd5 Nxd5 14. Ne4 a4 15.
Ba2 Na5 16. Bg5 Qd7 17. Rac1 Nb3 18. Bxb3 axb3 19. c4 Nf4 20. Bxf4 exf4 21. Qd2
b4 22. axb4 Bxe4 23. dxe4 Qxd2 24. Nxd2 Bxb4 25. Nxb3 Rxe4 26. c5 g6 27. h3
Rae8 28. Rd4 Rxd4 29. Nxd4 Re5 30. Nb3 Re4 31. Kf1 Kg7 32. f3 Re3 33. Nd4 Rd3
34. Nc6 Rb3 35. Rc2 h5 36. Ke2 Kh6 37. Nd4 Re3+ 38. Kf1 Re5 39. Nb3 Re1+ 40.
Kf2 Rb1 41. Ke2 Kg5 42. Nc1 c6 43. Nd3 Ba5 44. Rc1 Rxc1 45. Nxc1 Kh4 46. Nd3
Kg3 47. Ne5 Kxg2 48. Nxc6 Bc7 49. b4 g5 50. b5 g4 51. hxg4 hxg4 52. b6 gxf3+
53. Kd2 Bb8 54. Nxb8 f2 55. b7 f1=Q 56. Nc6 Qf2+ 57. Kd3 Qg3+ 58. Kd4 f3 59.
b8=Q Qxb8 60. Nxb8 f2 61. c6 f1=Q 62. Kc5 Qf5+ 0-1

[Event "37 Open Vila de Sitges 2011"]
[Site "Sitges (ESP)"]
[Date "2011.07.29"]
[Round "8.8"]
[White "Oratovsky, Michael"]
[Black "Alexandrova, Olga"]
[Result "1-0"]
[WhiteElo "2521"]
[BlackElo "2393"]
[PlyCount "97"]
[EventDate "2011.07.22"]
[EventType "swiss"]
[EventRounds "9"]
[EventCountry "ESP"]

1. e4 e6 2. d3 d5 3. Nd2 Nf6 4. Ngf3 b6 5. c3 c5 6. e5 Nfd7 7. d4 cxd4 8. cxd4
Ba6 9. h4 Be7 10. Bxa6 Nxa6 11. Nf1 Rc8 12. a3 b5 13. Qd3 Qb6 14. Bg5 Qa5+ 15.
Bd2 Bb4 16. Ke2 Nb6 17. Rc1 Bxd2 18. Rxc8+ Nxc8 19. N1xd2 Ne7 20. Rc1 O-O 21.
Ng5 g6 22. h5 h6 23. Ngf3 Kg7 24. hxg6 fxg6 25. b4 Qb6 26. Nb3 Rc8 27. Nc5 Nxc5
28. Rxc5 Rxc5 29. dxc5 Qb8 30. Nd4 Qxe5+ 31. Qe3 Qh5+ 32. Qf3 Qe5+ 33. Qe3 Qh5+
34. f3 e5 35. Nxb5 Qh2 36. Qf2 Qf4 37. Nd6 d4 38. Kd3 Qc1 39. Ke4 Qf4+ 40. Kd3
Qc1 41. Qa2 Qf1+ 42. Qe2 Qb1+ 43. Kc4 Kf6 44. Kb5 Nd5 45. Kc6 Ne7+ 46. Kd7 Nd5
47. Qc4 Nf4 48. Qf7+ Kg5 49. Qe7+ 1-0

[Event "37 Open Vila de Sitges 2011"]
[Site "Sitges (ESP)"]
[Date "2011.07.29"]
[Round "8.9"]
[White "Lacasa Diaz, Jose Antonio"]
[Black "Movsziszian, Karen"]
[Result "1-0"]
[WhiteElo "2392"]
[BlackElo "2493"]
[PlyCount "90"]
[EventDate "2011.07.22"]
[EventType "swiss"]
[EventRounds "9"]
[EventCountry "ESP"]

1. e4 g6 2. d4 d6 3. Nc3 a6 4. f4 b5 5. Nf3 Bg7 6. Bd3 Nd7 7. e5 e6 8. Be3 Ne7
9. Qe2 Bb7 10. O-O-O Nb6 11. Ne4 Qd7 12. Kb1 Nbd5 13. Bd2 b4 14. g4 a5 15. f5
gxf5 16. gxf5 Nxf5 17. Rhg1 O-O-O 18. c4 bxc3 19. Nxc3 Bh6 20. Nxd5 exd5 21. e6
Qxe6 22. Qxe6+ fxe6 23. Bxf5 exf5 24. Bxh6 Rhg8 25. Rxg8 Rxg8 26. Rg1 Re8 27.
Re1 Rg8 28. Bf4 Ba6 29. Kc2 h6 30. Bxh6 Rg2+ 31. Bd2 Rf2 32. Nh4 f4 33. Re8+
Kb7 34. Rf8 Rxh2 35. Rxf4 a4 36. Nf3 Rf2 37. Ng5 Rg2 38. Rf7 Kb6 39. Ne6 c6 40.
Rf8 Bc4 41. Rb8+ Ka7 42. Rb4 Bb5 43. Nc7 Kb6 44. Nxb5 cxb5 45. a3 Kc6 1-0

[Event "37 Open Vila de Sitges 2011"]
[Site "Sitges (ESP)"]
[Date "2011.07.29"]
[Round "8.10"]
[White "Cruz, Filemon"]
[Black "Alarcon Casellas, Rolando"]
[Result "1-0"]
[WhiteElo "2406"]
[BlackElo "2453"]
[PlyCount "73"]
[EventDate "2011.07.22"]
[EventType "swiss"]
[EventRounds "9"]
[EventCountry "ESP"]

1. c4 Nf6 2. Nc3 e6 3. d4 Bb4 4. e3 O-O 5. Nge2 b6 6. a3 Bxc3+ 7. Nxc3 c5 8.
Be2 Bb7 9. O-O Nc6 10. d5 exd5 11. cxd5 Nb8 12. e4 Re8 13. Be3 d6 14. Bg5 Nbd7
15. Bb5 Re7 16. f4 a6 17. Bxd7 Rxd7 18. Qf3 h6 19. Bh4 g5 20. fxg5 Nh7 21. Qg4
hxg5 22. Bxg5 Nxg5 23. h4 Bc8 24. hxg5 Qf8 25. Rf6 Qg7 26. Qf4 Raa7 27. Rf1 Rd8
28. g6 Re7 29. gxf7+ Kf8 30. Rf3 Bg4 31. Rg3 Rxf7 32. Rxf7+ Qxf7 33. Qxg4 Ke7
34. Rf3 Qg8 35. Qf5 Re8 36. e5 dxe5 37. Qf6+ 1-0

[Event "37 Open Vila de Sitges 2011"]
[Site "Sitges (ESP)"]
[Date "2011.07.30"]
[Round "9.1"]
[White "Asis Gargatagli, Hipolit"]
[Black "Munoz Pantoja, Miguel"]
[Result "1/2-1/2"]
[WhiteElo "2431"]
[BlackElo "2482"]
[PlyCount "46"]
[EventDate "2011.07.22"]
[EventType "swiss"]
[EventRounds "9"]
[EventCountry "ESP"]

1. e4 c5 2. Nf3 Nc6 3. c3 Nf6 4. e5 Nd5 5. Bc4 Nb6 6. Bb3 d5 7. exd6 e6 8. O-O
Bxd6 9. d4 O-O 10. Re1 cxd4 11. cxd4 Nb4 12. Nc3 Bd7 13. a3 N4d5 14. Ne4 Bc6
15. Ne5 Bxe5 16. dxe5 Nd7 17. Ng5 h6 18. Nf3 f5 19. exf6 Qxf6 20. Qd4 Qg6 21.
Nh4 Qf7 22. Nf3 Qg6 23. Nh4 Qf7 1/2-1/2

[Event "37 Open Vila de Sitges 2011"]
[Site "Sitges (ESP)"]
[Date "2011.07.30"]
[Round "9.4"]
[White "Cabrera, Alexis"]
[Black "Djuric, Stefan"]
[Result "0-1"]
[WhiteElo "2530"]
[BlackElo "2445"]
[PlyCount "138"]
[EventDate "2011.07.22"]
[EventType "swiss"]
[EventRounds "9"]
[EventCountry "ESP"]

1. e4 e5 2. Nf3 Nc6 3. Bb5 a6 4. Ba4 Nf6 5. O-O Be7 6. Re1 b5 7. Bb3 O-O 8. c3
d6 9. h3 h6 10. d4 Re8 11. Nbd2 Bf8 12. Nf1 Bd7 13. Ng3 Na5 14. Bc2 c5 15. b3
Nc6 16. d5 Ne7 17. Be3 Ng6 18. Qd2 Qc7 19. a4 Reb8 20. Ra2 bxa4 21. bxa4 a5 22.
Bd3 Qc8 23. Qc1 Ra7 24. Nd2 Nf4 25. Bf1 Qe8 26. Qc2 g6 27. Nc4 h5 28. Ne2 g5
29. Kh2 Qc8 30. Ng1 Nh7 31. g3 Ng6 32. Na3 f5 33. exf5 Bxf5 34. Bd3 Bxd3 35.
Qxd3 Rg7 36. Nc4 Qd8 37. Rb1 Rxb1 38. Qxb1 g4 39. Qf5 gxh3 40. Qxh5 Ne7 41.
Qxh3 Rg6 42. Rd2 Nf6 43. Nf3 Ng4+ 44. Kg2 Qa8 45. Qh5 Nf6 46. Qh3 Nfxd5 47. Rd1
Nxe3+ 48. Nxe3 Qe4 49. Qh4 Qxh4 50. Nxh4 Re6 51. Kf3 Rf6+ 52. Ke2 e4 53. c4 Re6
54. Nhf5 Nc6 55. g4 Kf7 56. Rb1 Kf6 57. Rb6 Nd4+ 58. Kd1 Ke5 59. Nxd4 Kxd4 60.
g5 Ke5 61. Ra6 Be7 62. Rxa5 Bxg5 63. Rb5 Kd4 64. Nd5 Rh6 65. Nb6 Rh2 66. Rb2
Kc3 67. Rc2+ Kd3 68. Re2 e3 69. Re1 Rxf2 0-1

[Event "37 Open Vila de Sitges 2011"]
[Site "Sitges (ESP)"]
[Date "2011.07.30"]
[Round "9.5"]
[White "Gonzalez Garcia, Jose"]
[Black "Cruz, Filemon"]
[Result "0-1"]
[WhiteElo "2522"]
[BlackElo "2406"]
[PlyCount "112"]
[EventDate "2011.07.22"]
[EventType "swiss"]
[EventRounds "9"]
[EventCountry "ESP"]

1. d4 d5 2. c4 c6 3. Nf3 Nf6 4. Nc3 a6 5. a4 e6 6. g3 dxc4 7. Bg2 c5 8. dxc5
Qxd1+ 9. Nxd1 Nc6 10. Ne3 Bxc5 11. Nxc4 Ke7 12. O-O Rd8 13. Bf4 Nd5 14. Rfc1
Bd7 15. Nce5 Nxf4 16. gxf4 Bd6 17. Nxd7 Rxd7 18. e3 h6 19. Rc3 Bb4 20. Rxc6
bxc6 21. Ne5 Rc8 22. Nxc6+ Rxc6 23. Bxc6 Rd6 24. Rc1 Rd2 25. b3 Rb2 26. Rd1 Kf6
27. Rd3 Be1 28. f3 h5 29. Bb7 a5 30. Ba6 h4 31. h3 Bf2+ 32. Kh1 Bg3 33. Kg1 Rf2
34. Bb7 Rh2 35. Bc6 g6 36. Be8 Ke7 37. Bc6 Rxh3 38. Rd2 Be1 39. Rg2 Kd6 40. Be4
f5 41. Bb7 Kc7 42. Ba8 Bg3 43. Rc2+ Kb6 44. Rc6+ Ka7 45. Rxe6 Kxa8 46. Rxg6 Rh2
47. Rg5 Rb2 48. e4 Kb7 49. exf5 Kc7 50. f6 Kd7 51. f5 Ke8 52. Rg7 Kf8 53. Rh7
Rf2 54. Rg7 Rxf3 55. Rb7 h3 56. Rh7 Be5 0-1

[Event "37 Open Vila de Sitges 2011"]
[Site "Sitges (ESP)"]
[Date "2011.07.30"]
[Round "9.7"]
[White "Karlsson, Lars"]
[Black "Lacasa Diaz, Jose Antonio"]
[Result "1-0"]
[WhiteElo "2482"]
[BlackElo "2392"]
[PlyCount "71"]
[EventDate "2011.07.22"]
[EventType "swiss"]
[EventRounds "9"]
[EventCountry "ESP"]

1. Nf3 g6 2. e4 c5 3. c3 Bg7 4. d4 cxd4 5. cxd4 d5 6. e5 Nc6 7. h3 Nh6 8. Nc3
O-O 9. Bb5 f6 10. O-O Nf7 11. Re1 fxe5 12. dxe5 e6 13. Bf4 Ne7 14. Qd2 Bd7 15.
a4 a6 16. Bxd7 Qxd7 17. a5 Nc6 18. Na4 Rad8 19. Nd4 Nxd4 20. Qxd4 g5 21. Nc5
Qe7 22. Bd2 Nxe5 23. Rxe5 Bxe5 24. Qxe5 Qxc5 25. Qxg5+ Kf7 26. Bc3 Qe7 27. Qh5+
Kg8 28. Qg4+ Kf7 29. Re1 Rg8 30. Qh5+ Kf8 31. Qh6+ Rg7 32. Rxe6 Qd7 33. Qf6+
Kg8 34. Rd6 Rf8 35. Rxd7 Rxf6 36. Rxg7+ 1-0